000 00794nam a22002297a 4500
999 _c14572
_d14572
003 AR-CdUCM
008 190423b ||||| |||| 00| 0 spa d
020 _a978-84-675-5175-4
040 _aMUNICIPALIDAD PROVINCIAL DEL CUSCO
_cBIBLIOTECA MUNICIPAL DEL CUSCO
082 _23ed.
_aPI / 376.1 /
_bM83
100 _aMoroney, Trace
_933288
245 _aCosas que me gustan de mi familia /
260 _aMadrid :
_bEdiciones SM,
_c2015.
300 _a20 paginas ;
_bIlustraciones
_c25 cm.
500 _aTitulo original :The things i love abaut family
650 _aCuentos infantiles de la familia
_933399
650 _aCuento para niños
_933323
650 _ami familia y yo
_933400
700 _aTellechea, Teresa (Traducción)
_933324
942 _2ddc
_cLIBROS
945 _awnts
_d2019-04-23